00840nam a22002297a 4500003001100000005001700011008004100028020001500069040003900084041000800123082001500131245006000146260003600206300005900242650005500301650007300356650004300429650004600472650004100518700002800559700002300587LK-CoMWRAF20231030105629.0230923b1995 |||||||| |||| 00| 0 eng d a0813388945 aLK-CoMWRAFdLK-CoMWRAFeLK-CoMWRAF aeng a338.6bWOM aWomen in micro- and small-scale enterprise development  aLondon:bIT publications,c1995 aviii, 282 p. ; 24 cm.bBibliography and index included aBUSINESSWOMEN-Developing countries -- Case studies a WOMEN-OWNED BUSINESS ENTERPRISES- Developing countries-Case studies aSmall business -- Developing countries aEntrepreneurship -- Developing countries  aWomen in development -- Case studies a Dignard, Louise, eed. aHavet, Joséeed.